000 00794nam a2200253Ia 4500
003 OSt
005 20220930065940.0
006 a|||||r|||| 00| 0
007 ta
008 220926b |||||||| |||| 00| 0 eng d
024 _a6321
037 _cTheses
040 _aCRL
_cCRL
_beng
041 _2eng
_aeng
100 _aPal Mihir Kumar
_9526580
110 _aUniversity of Delhi. Faculty of Medical Sciences. Department of Surgery
245 0 _aPre and post-operative studies in patients with peptic ulcer
260 _c1972
650 _aSURGERY
700 _a Dr Anand Prakash Supervisor
_9520101
700 _aUniversity of Delhi. Faculty of Medical Sciences. Department of Surgery
942 _cDIS
_2CC
999 _c860243
_d860243